Návrh stavebnej jamy v stiesnených podmienkach v Ružomberku

Na minha lista:
Detalhes bibliográficos
Autor principal: Rojček, Ján (Author)
Outros Autores: Súľovská, Monika (Thesis advisor)
Formato: Manuscrito Livro
Idioma:eslovaco
Publicado em: 2015
Assuntos:
Acesso em linha:http://is.stuba.sk/zp/portal_zp.pl?podrobnosti=109694
https://opac.crzp.sk/?fn=detailBiblioForm&sid=78283B71680DBAF21442DB1D22D4
Tags: Adicionar Tag
Sem tags, seja o primeiro a adicionar uma tag!

MARC

LEADER 00000ntm a22000003a 4500
001 stuzp51081
003 SK-STU
005 20231109111237.4
007 ta
008 150427s2015----xo-----f-mn---000-0-slo-d
040 |a STU  |b slo 
041 0 |a slo 
100 1 |a Rojček, Ján  |u 010150  |4 aut  |U SvF Stavebná fakulta  |T SvF Katedra geotechniky  |X 63808  |U V150  |Y 15  |7 63808 
242 0 1 |a Proposal excavation in cramped conditions in Ruzomberok  |y eng 
245 1 0 |a Návrh stavebnej jamy v stiesnených podmienkach v Ružomberku 
260 |c 2015 
650 4 |a klincovanie  |2 slo 
650 4 |a stavebná jama  |2 slo 
650 4 |a podchytávanie základov  |2 slo 
650 4 |a odvodnenie  |2 slo 
650 4 |a nailed  |2 eng 
650 4 |a construction pit  |2 eng 
650 4 |a support of foundation  |2 eng 
650 4 |a drainage  |2 eng 
700 1 |a Súľovská, Monika  |4 ths  |X 700  |7 A000000700 
856 4 |u http://is.stuba.sk/zp/portal_zp.pl?podrobnosti=109694 
856 4 |u https://opac.crzp.sk/?fn=detailBiblioForm&sid=78283B71680DBAF21442DB1D22D4 
SQL |a stuzp51081  |b DDP  |c SLO  |d Návrh stavebnej jamy v stiesnených podmienkach v Ružomberku  |e 63808  |f Rojček, Ján  |g 010150  |h 700  |i Súľovská, Monika  |j 20150615  |k 945  |l 01  |m http://is.stuba.sk/zp/portal_zp.pl?podrobnosti=109694  |n I-NKS  |o 5.1.5. inžinierske konštrukcie a dopravné stavby